Loading...
| Fine Arts - Auditory | 1 | 2 | 0 | 0 | 35 | 36 | 104.00 | 1 | 3 | 0.00 | 0.00 |
| Science - Chemistry | 0 | 2 | 0 | 0 | 20 | 67 | 96.50 | 1 | 2 | 0.00 | 0.00 |
| History - Other | 0 | 1 | 0 | 1 | 10 | 121 | 121.00 | 0 | 1 | 0.00 | 0.00 |
| Pop Culture | 0 | 1 | 0 | 0 | 10 | 115 | 115.00 | 0 | 1 | 0.00 | 0.00 |
| Fine Arts - Visual | 0 | 1 | 0 | 0 | 10 | 125 | 125.00 | 0 | 1 | 0.00 | 0.00 |
| Religion | 0 | 1 | 1 | 0 | 5 | 111 | 111.00 | 0 | 1 | 0.00 | 0.00 |
| Science - Other | 0 | 1 | 1 | 0 | 5 | 105 | 105.00 | 1 | 1 | 0.00 | 0.00 |
| History - World | 0 | 0 | 0 | 0 | 0 | 0.00 | 0 | 0 | 0.00 | 0.00 | |
| Science - Physics | 0 | 0 | 0 | 0 | 0 | 0.00 | 0 | 0 | 0.00 | 0.00 | |
| History - European | 0 | 0 | 1 | 0 | -5 | 0.00 | 0 | 0 | 0.00 | 0.00 | |
| Social Science | 0 | 0 | 1 | 0 | -5 | 0.00 | 0 | 0 | 0.00 | 0.00 |